紙婚
| 資料類型: | 圖書 | 書目號: | 14580 |
Leader xxxxxxxxxx 001 __ PCLIS00014580 005 __ 20211216115608.0 010 0_ |b平裝|dNT$140 100 __ |a19870509d1988 m y0chiy09 e 101 0_ |achi 102 __ |atw 105 __ |ay z 000ay 200 1_ |a紙婚|f陳若曦著 205 __ |a五版 210 __ |a臺北巿|c自立晚報|d民77[1988] 215 0_ |a373面|d21公分 225 1_ |a自立文庫|v25 300 __ |a小說 300 __ |a著者本名陳秀美 681 __ |a857.7 681 __ |a857.6|b8754 88 700 _0 |a陳|b若曦|4著 801 _0 |atw|b內湖高中|c20010622 801 _2 |atw|b內湖高中|c20211216|gCCR |